Twenty One Pilots - Screen (Lyrics) - Statistics

General Stats
  • This quiz has been taken 9 times
  • The average score is 316 of 356
Answer Stats
Answer % Correct
a
100%
and
100%
be
100%
‘cause
100%
cause
100%
chest
100%
cool
100%
be
100%
do
100%
everything
100%
front
100%
hide
100%
I
100%
I‘m
100%
in
100%
it
100%
know
100%
knows
100%
my
100%
no
100%
not
100%
of
100%
on
100%
one
100%
only
100%
screen
100%
so
100%
standing
100%
the
100%
there‘s
100%
to
100%
together
100%
trying
100%
we
100%
we‘re
100%
we’re
100%
who
100%
yeah
100%
you
100%
you‘re
100%
behind
86%
broken
86%
can‘t
86%
could
86%
locomotive
86%
oh
86%
people
86%
will
86%
don’t
71%
go
71%
have
71%
I‘ll
71%
okay
71%
pride
71%
sing
71%
us
71%
why
71%
would
71%
are
57%
excuse
57%
flow
57%
get
57%
getting
57%
great
57%
if
57%
just
57%
life
57%
play
57%
radio
57%
really
57%
see
57%
seeing
57%
sky
57%
slow-mo
57%
some
57%
soul
57%
that‘s
57%
think
57%
this
57%
through
57%
time
57%
tough
57%
while
57%
with
57%
conversate
43%
die
43%
doing
43%
fine
43%
flow‘s
43%
insane
43%
like
43%
motives
43%
nose
43%
own
43%
past
43%
train
43%
vertical
43%
am
29%
brain
29%
down
29%
from
29%
Ooh
29%
ooh
29%
painting
29%
picture
29%
below
14%
crashing
14%
ground
14%
look
14%
out
14%
song
14%
mm
0%
No matching quizzes found
Score Distribution
Percent of People with Each Score
Percentile by Number Answered
Your Score History
You have not taken this quiz